Find the Attraction - Europe - Statistics

General Stats
  • This quiz has been taken 213 times
  • The average score is 10 of 14
Answers on the Map
Answers color-coded by a green-red scale on the quiz's map according to % correct below.
 
Answer Stats
Attraction Coord % Correct
Eiffel Tower D4
99%
Pompeii F2
89%
Auschwitz G5
85%
Loch Ness B7
84%
The Little Mermaid E6
84%
The Kremlin J6
79%
Neuschwanstein Castle E4
77%
Hagia Sophia H2
77%
Geirangerfjord D8/E8
61%
St Mark's Basilica E3/E4
60%
Guggenheim Museum C3
56%
Minotaur's Maze H1
55%
The Eden Project B5
34%
Bran Castle H3/H4
30%
No matching quizzes found
Score Distribution
Percent of People with Each Score
Percentile by Number Answered
Your Score History
You have not taken this quiz